5HLuxD.jpg

KING HENRY VIII SENIOR AND PRIMARY SCHOOL LIBRARY OPAC

THE WIDELY UNKNOWN MYTH OF APPLE& DOROTHY (Record no. 4978)

000 -LEADER
fixed length control field 00359nam a22001217a 4500
008 - FIXED-LENGTH DATA ELEMENTS--GENERAL INFORMATION
fixed length control field 250428b ||||| |||| 00| 0 eng d
020 ## - INTERNATIONAL STANDARD BOOK NUMBER
International Standard Book Number 9780062976932
082 ## - DEWEY DECIMAL CLASSIFICATION NUMBER
Classification number 813.6 HAY
100 ## - MAIN ENTRY--PERSONAL NAME
Personal name HAYDU,COREY ANN
Relator term AUTHOR
245 ## - TITLE STATEMENT
Title THE WIDELY UNKNOWN MYTH OF APPLE& DOROTHY
260 ## - PUBLICATION, DISTRIBUTION, ETC.
Place of publication, distribution, etc. 195 BROADWAY NEW YORK,NY 10007
Name of publisher, distributor, etc. HARPERCOLLINS CHILDREN'S BOOKS
942 ## - ADDED ENTRY ELEMENTS (KOHA)
Source of classification or shelving scheme
Holdings
Withdrawn status Lost status Source of classification or shelving scheme Damaged status Not for loan Collection code Permanent Location Current Location Shelving location Date acquired Total Checkouts Full call number Barcode Date last seen Date last checked out Price effective from Koha item type Public note
          Fiction KH8 Primary School Library KH8 Primary School Library Fiction 2025-04-28 2 813.6 HAY KHPL000006932 2025-12-05 2025-11-12 2025-04-28 Books - Fiction KH8 PRIMARY LIBRARY

Powered By KH8 IT Dept